ბათუმის შოთა რუსთაველის სახელმწიფო უნივერსიტეტის ბიბლიოთეკა

Справочник энергетика промышленных предприятий. (ბიბ.ჩანაწერი № 37296)

000 -LEADER
fixed length control field 00665nam a2200205Ia 4500
001 - CONTROL NUMBER
control field 3255
003 - CONTROL NUMBER IDENTIFIER
control field GE_BSU
008 - FIXED-LENGTH DATA ELEMENTS--GENERAL INFORMATION
fixed length control field 181216s||||||||xx |||||||||||||| ||und||
040 ## - CATALOGING SOURCE
Transcribing agency GE_BSU
080 ## - UNIVERSAL DECIMAL CLASSIFICATION NUMBER
Universal Decimal Classification number 621.31(035)
100 ## - MAIN ENTRY--PERSONAL NAME
Personal name Гольстрем В.А. Иваненко A.C.
245 ## - TITLE STATEMENT
Title Справочник энергетика промышленных предприятий.
250 ## - EDITION STATEMENT
Edition statement Изд. 3-е, стереотипное.
260 ## - PUBLICATION, DISTRIBUTION, ETC.
Place of publication, distribution, etc. Киев.
260 ## - PUBLICATION, DISTRIBUTION, ETC.
Name of publisher, distributor, etc. Техника.
260 ## - PUBLICATION, DISTRIBUTION, ETC.
Date of publication, distribution, etc. 1973.
300 ## - PHYSICAL DESCRIPTION
Extent 562 стр. 22 см.
653 ## - INDEX TERM--UNCONTROLLED
Uncontrolled term Справочник энергетика промышленных предприятий.
942 ## - ADDED ENTRY ELEMENTS (KOHA)
Koha item type წიგნი
ეგზემპლარები
Withdrawn status Lost status Damaged status Not for loan Date acquired Barcode Date last seen Price effective from Koha item type Public note
        2018-12-17 9814 2018-12-17 2018-12-17 წიგნი დარბაზი